LEADER 01076nam a2200253 i 4500 001 000000161853 003 CaOOAMICUS 005 20231124111602.0 008 070530s19uu it u000 u ita u 013 $a139217 040 $aSeMil$bita 100 1 $aPetoefi, Sándor.$0(OLS)http://semarc/name/19393 245 10$aCanti /$cPetöfi ; traduzione di D. Carraroli e G. Cassone ; con una introduzione di Dario Carraroli. 260 $aMilano :$bIstituto Editoriale Italiano,$c[19--?] 300 $a347 p. ;$c19 cm. 490 0 $aGli immortali e altri massimi ;$v88 700 1 $aCarraroli, Dario.$0(OLS)http://semarc/name/42793 700 1 $aCassone, G.$0(OLS)http://semarc/name/42792 830 4$aGli immortali e altri massimi scrittori ;$v88.$0(OLS)http://semarc/title/30574 850 $aSeMil 852 $aSeMil$W1$xVenegono$y1$m1W I 607$j244057$B113230$CSeMilBibl$Z2$F123815 $81 996 $6245$aCanti$9(OLS)http://semarc/title/120013 996 $6260$aMilano :$bIstituto Editoriale Italiano$9(OLS)http://semarc/publisher/31153 LEADER 00399nab a2200145 i 4500 001 000000283101 003 CaOOAMICUS 005 20180831165231.0 008 180831n xx uu u0 0und r 013 $a36079 040 $aSeMil$bita 245 10$a[SENZA TITOLO]. 500 $a2008. 773 0 $t2008.$dMilano : Scuola Beato Angelico, 2008.$w()236722 996 $6245$a[SENZA TITOLO]$9(OLS)http://semarc/title/354609